000 00613nam a2200241Ia 4500
003 OSt
005 20230412151010.0
008 210423s2004 xx 000 0 und d
020 _a9780006318
040 _cAL
041 _aeng
082 _a150
_223
_bGLAW
100 _aGLASSMAN (William E);HADAD (Marilyn)
_987183
245 _aApproaches to psychology
250 _a4
260 _aNew Delhi
_bOpen University Press
_c2004
300 _axxii,538
_bPB
365 _b1195
_cINR
650 _aPhilosophy
_987184
650 _aPsychology
_987185
906 _aApproaches ; psychology
942 _2ddc
_cBK
999 _c157273
_d157273